Sliced Map of the United States Quiz Stats

 Plays Quiz Updated Feb 12, 2018

Challenge
Share
Tweet
Score 0/80 Timer 10:00
4 Plays Today
Hint Answer % Correct
* GA, FL *
84.3%
* HI *
83.5%
* ME, NH, VT *
82.4%
* CT, MA, NH, NY, RI, VT *
81.7%
* IL, IN, MI, OH *
81%
* GA, KY, NC, SC, TN, VA, WV *
80.7%
* AK *
80.3%
* HI *
79.9%
* DE, MD, NJ, PA, VA, WV *
79.8%
* AL, GA, IL, IN, KY, MS, NC, TN *
79.6%
* LA, MS *
79.4%
* ID, MT, WA *
79.4%
* KY, MD, OH, PA, VA, WV *
79.1%
* KS, OK, TX *
79%
* FL *
78.8%
* CT, MA, NJ, NY, PA, VT *
78.6%
* WA *
78.2%
* AZ, CO, NM, UT *
78.1%
* NC, SC, VA *
77.9%
* CA, OR *
77.5%
* CO, KS, NM, OK, TX *
77.3%
* IL, IN, KY, OH *
77%
* MI, WI *
76.7%
* AR, IL, KY, MO, MS, TN *
76.1%
* IA, IL, MN, WI *
75.5%
* AZ, CA, NV *
75.4%
* AK *
75.4%
* AL, GA, FL, MS *
75.3%
* CA, NV *
75%
* AK *
74.8%
* AK *
74.4%
* AZ, NM, TX *
73.6%
* TX *
73.5%
* OR, WA *
73.4%
* MI, NY, OH, PA *
72.5%
* ME *
72.1%
* GA, SC *
71.6%
* IA, KS, MO, NE *
71.1%
* TX *
69.8%
* MI, MN, WI *
69.4%
Hint Answer % Correct
* CA *
68.7%
* ID, MT, OR, WA *
67.6%
* AZ *
67.3%
* CA *
66.6%
* CO, KS, NE, WY *
66.2%
* NM, TX *
65.9%
* MT, ND *
64.9%
* LA, TX *
64.8%
* IA, IL, MO *
64.4%
* AL, GA, MS *
64%
* OR, WA *
63.1%
* IA, MN, NE, SD, WI *
63.1%
* OK, TX *
62.3%
* MN, ND, SD, WI *
60.8%
* NY, VT *
60.5%
* MN *
59%
* AR, KS, MO, OK *
56.6%
* MT *
56.2%
* ND *
56.1%
* AZ, CA *
55.5%
* MT, ND, SD, WY *
55.2%
* CO, UT, WY *
54.5%
* AR, LA, MS *
53.9%
* AR, LA, OK, TX *
53.4%
* FL *
52.4%
* CA, ID, NV, OR *
51.4%
* ID, MT, WY *
50.9%
* NE, SD *
50.2%
* TX *
49%
* ND, SD *
48.6%
* NE, SD, WY *
47.3%
* FL *
45.6%
* KS, NE *
45.5%
* AK *
44.3%
* ID, NV, UT *
43.1%
* ID, UT, WY *
42.7%
* SC *
42.2%
* AZ, CA, NV, UT *
40.9%
* NV, UT *
40.4%
* ID, OR, WA *
35.7%

You're not logged in!

Compare scores with friends on all Sporcle quizzes.
OR
Log In

You Might Also Like...

Show Comments

Extras

Top Quizzes Today


Score Distribution

Your Account Isn't Verified!

In order to create a playlist on Sporcle, you need to verify the email address you used during registration. Go to your Sporcle Settings to finish the process.

Report this User

Report this user for behavior that violates our Community Guidelines.

Details: